[Event "Tambov Region-ch FL"]
[Site "Tambov"]
[Date "2018.11.23"]
[Round "5"]
[White "Shvadchenko, Grigory F"]
[Black "Pishchalnikov, Roman A"]
[Result "1/2-1/2"]
[WhiteElo "1928"]
[BlackElo "1866"]
[PlyCount "20"]
[EventDate "2018.11.14"]
[EventType "tourn"]
[EventRounds "9"]
[EventCountry "RUS"]
[SourceTitle "EXT 2021"]
[Source "ChessBase"]
[SourceDate "2020.10.23"]
[SourceVersion "1"]
[SourceVersionDate "2020.10.23"]
[SourceQuality "1"]

1. e4 c5 2. Nf3 Nc6 3. d4 cxd4 4. Nxd4 d6 5. Nc3 a6 6. Be2 g6 7. 0-0 Bg7 8. Be3 Nf6 9. h3 0-0 10. Qd2 Bd7 1/2-1/2

[Event "Tambov Korensky Memorial 27th"]
[Site "Tambov"]
[Date "2018.08.15"]
[Round "5"]
[White "Sychev, Vitaly"]
[Black "Shvadchenko, Grigory F"]
[Result "1-0"]
[WhiteElo "1971"]
[BlackElo "1954"]
[PlyCount "99"]
[EventDate "2018.08.11"]
[EventType "swiss"]
[EventRounds "9"]
[EventCountry "RUS"]
[SourceTitle "CBM 186 Extra"]
[Source "ChessBase"]
[SourceDate "2018.08.24"]
[SourceVersion "1"]
[SourceVersionDate "2018.08.24"]
[SourceQuality "1"]

1. d4 Nf6 2. Nf3 e6 3. c4 d5 4. Nc3 Be7 5. Bg5 Nbd7 6. e3 0-0 7. Rc1 c6 8. Bd3 h6 9. Bh4 Nh5 10. Bxe7 Qxe7 11. 0-0 Nhf6 12. e4 dxc4 13. Bxc4 b5 14. Bd3 Bb7 15. e5 Nd5 16. Ne4 Rab8 17. Re1 Ba8 18. Nc5 Nxc5 19. Rxc5 Rbd8 20. a3 Rd7 21. Bb1 Nb6 22. b4 g6 23. Rc1 Kg7 24. Be4 Nd5 25. g3 a6 26. Nd2 Qd8 27. Nb3 Ne7 28. Qf3 Nf5 29. Bxf5 gxf5 30. Qe3 Rh8 31. Red1 Qe7 32. Nc5 Ra7 33. Nb3 Rd8 34. Rc5 Rd5 35. Rdc1 Rad7 36. h4 Qd8 37. Rxd5 Rxd5 38. f3 Kh7 39. Kf2 Kg7 40. Qf4 Kh7 41. Kg2 Rd7 42. Rc2 Rd5 43. Kh3 Qe7 44. g4 fxg4+ 45. fxg4 Rd8 46. Rf2 Rf8 47. Nc5 a5 48. Qe4+ Kg7 49. Rf6 Rh8 50. Nxe6+ 1-0

[Event "Tambov Pavlyutin Memorial 8th"]
[Site "Tambov"]
[Date "2018.05.25"]
[Round "5"]
[White "Geranichev, Mikhail"]
[Black "Shvadchenko, Grigory F"]
[Result "1-0"]
[WhiteElo "1996"]
[BlackElo "1953"]
[PlyCount "55"]
[EventDate "2018.05.23"]
[EventType "tourn"]
[EventRounds "9"]
[EventCountry "RUS"]
[SourceTitle "CBM 184 Extra"]
[Source "ChessBase"]
[SourceDate "2018.06.28"]
[SourceVersion "1"]
[SourceVersionDate "2018.06.28"]
[SourceQuality "1"]

1. e4 c5 2. Nf3 d6 3. d4 cxd4 4. Nxd4 Nf6 5. Nc3 a6 6. Be2 e5 7. Nb3 Be6 8. 0-0 Be7 9. f4 Qc7 10. Kh1 0-0 11. f5 Bc4 12. Bg5 Nbd7 13. Nd2 Bxe2 14. Qxe2 b5 15. a3 h6 16. Bh4 Rac8 17. Rf3 Rfe8 18. Rg3 Nb6 19. Rd1 Kh8 20. Rh3 Nh7 21. Bf2 Bg5 22. Rd3 Bxd2 23. Bxb6 Qxb6 24. Qxd2 Nf6 25. Rxd6 Qb7 26. Rxf6 Rxc3 27. bxc3 gxf6 28. Qxh6+ 1-0

[Event "Tambov Region-ch 1st League"]
[Site "Tambov"]
[Date "2017.10.27"]
[Round "6"]
[White "Larionov, Sergey Aleksandrovi"]
[Black "Shvadchenko, Grigory F"]
[Result "0-1"]
[WhiteElo "1918"]
[BlackElo "1949"]
[PlyCount "70"]
[EventDate "2017.10.25"]
[EventType "tourn"]
[EventRounds "9"]
[EventCountry "RUS"]
[SourceTitle "CBM 181 Extra"]
[Source "ChessBase"]
[SourceDate "2017.12.12"]
[SourceVersion "1"]
[SourceVersionDate "2017.12.12"]
[SourceQuality "1"]

1. e4 c5 2. c3 e5 3. Nf3 d6 4. h3 Nf6 5. Be2 Nxe4 6. d3 Nf6 7. 0-0 Be7 8. Be3 Nc6 9. c4 0-0 10. Nc3 a6 11. Qc2 Nd4 12. Qd2 b6 13. Ne4 Bb7 14. Bxd4 cxd4 15. Ng3 Nd7 16. b4 f5 17. a4 g6 18. a5 Bf6 19. Qh6 Bxf3 20. Bxf3 Bg5 21. Qxg5 Qxg5 22. Bxa8 Rxa8 23. b5 axb5 24. cxb5 bxa5 25. Rfc1 Nc5 26. b6 Qe7 27. Rc2 Qb7 28. Rb1 a4 29. Ne2 Nb3 30. Nc1 Qxb6 31. Nxb3 axb3 32. Rcb2 Ra3 33. Kf1 Qb5 34. Ke2 e4 35. Rd1 Ra2 0-1

[Event "Tambov Region-ch 1st League"]
[Site "Tambov"]
[Date "2017.10.27"]
[Round "5"]
[White "Shvadchenko, Grigory F"]
[Black "Gaglazov, Mikhail"]
[Result "1/2-1/2"]
[WhiteElo "1949"]
[BlackElo "1648"]
[PlyCount "90"]
[EventDate "2017.10.25"]
[EventType "tourn"]
[EventRounds "9"]
[EventCountry "RUS"]
[SourceTitle "CBM 181 Extra"]
[Source "ChessBase"]
[SourceDate "2017.12.12"]
[SourceVersion "1"]
[SourceVersionDate "2017.12.12"]
[SourceQuality "1"]

1. Nf3 Nf6 2. d4 e6 3. c4 Bb4+ 4. Bd2 Qe7 5. Nc3 b6 6. g3 Bb7 7. Bg2 0-0 8. 0-0 Bxc3 9. Bxc3 Ne4 10. Be1 f5 11. Nd2 Nd6 12. Bxb7 Nxb7 13. Nf3 d6 14. b4 Nd7 15. Bc3 Nf6 16. Qd3 a5 17. a3 Ne4 18. Nd2 Nxc3 19. Qxc3 e5 20. e4 f4 21. dxe5 Qxe5 22. Qb3 Kh8 23. Rae1 Rae8 24. Nf3 Qh5 25. Qd3 Nd8 26. Kg2 axb4 27. axb4 Nc6 28. b5 Ne5 29. Nxe5 Rxe5 30. f3 Qg6 31. g4 Qf6 32. Qd4 h5 33. h3 Qh4 34. Qf2 Qxf2+ 35. Kxf2 Rc5 36. Rc1 Ra8 37. Rc2 Ra4 38. Rfc1 g6 39. h4 Kg7 40. Ke2 Kf6 41. g5+ Ke5 42. Kd3 Ra3+ 43. Rc3 Ra2 44. R1c2 Ra1 45. Rc1 Ra2 1/2-1/2

[Event "Tambov Region-ch 1st League"]
[Site "Tambov"]
[Date "2017.10.26"]
[Round "4"]
[White "Alpatsky, Sergey"]
[Black "Shvadchenko, Grigory F"]
[Result "1/2-1/2"]
[WhiteElo "1874"]
[BlackElo "1949"]
[PlyCount "97"]
[EventDate "2017.10.25"]
[EventType "tourn"]
[EventRounds "9"]
[EventCountry "RUS"]
[SourceTitle "CBM 181 Extra"]
[Source "ChessBase"]
[SourceDate "2017.12.12"]
[SourceVersion "1"]
[SourceVersionDate "2017.12.12"]
[SourceQuality "1"]

1. e4 c5 2. Nc3 e6 3. Bc4 Nc6 4. f4 a6 5. a4 Be7 6. Nf3 Nf6 7. d3 d5 8. Bb3 dxe4 9. dxe4 Qxd1+ 10. Kxd1 Nd4 11. Be3 Nxb3 12. cxb3 Ng4 13. Bg1 0-0 14. Kc2 Bd7 15. h3 Nf6 16. Bf2 Bc6 17. Rhe1 b6 18. g4 Rfd8 19. Nd2 b5 20. Re3 b4 21. Ne2 Rxd2+ 22. Kxd2 Nxe4+ 23. Ke1 Nxf2 24. Kxf2 c4 25. Kf1 cxb3 26. Rxb3 a5 27. Rg3 Bf6 28. Ra2 b3 29. Ra3 Bxb2 30. Raxb3 Bf6 31. Nc3 g6 32. Rb6 Rc8 33. Nb5 Bd5 34. Ra6 Rc4 35. Rxa5 Rxf4+ 36. Ke2 Bh4 37. Rc3 Kg7 38. Ra7 Bc4+ 39. Ke3 e5 40. Rc7 Bd5 41. Ra3 Bf2+ 42. Kd2 Bb6 43. a5 Bxc7 44. Nxc7 Bg2 45. a6 Rc4 46. Ne8+ Kf8 47. Nf6 Kg7 48. Ne8+ Kf8 49. Nf6 1/2-1/2

[Event "Tambov Pavlyutin Memorial 7th"]
[Site "Tambov"]
[Date "2017.06.30"]
[Round "6"]
[White "Shvadchenko, Grigory F"]
[Black "Kutyanina, Mariya"]
[Result "0-1"]
[WhiteElo "1934"]
[BlackElo "1902"]
[PlyCount "66"]
[EventDate "2017.06.28"]
[EventType "tourn"]
[EventRounds "9"]
[EventCountry "RUS"]
[SourceTitle "CBM 179 Extra"]
[Source "ChessBase"]
[SourceDate "2017.08.23"]
[SourceVersion "1"]
[SourceVersionDate "2017.08.23"]
[SourceQuality "1"]

1. Nf3 Nf6 2. d4 c5 3. d5 e6 4. c4 b5 5. dxe6 fxe6 6. cxb5 d5 7. a4 Nbd7 8. e3 Be7 9. Be2 0-0 10. 0-0 a6 11. Nc3 axb5 12. Bxb5 Qc7 13. h3 Bd6 14. Qc2 Bb7 15. Be2 Bc6 16. Nb5 Bxb5 17. Bxb5 Ne5 18. Be2 Nf7 19. Bd2 e5 20. Rfc1 Qa7 21. a5 e4 22. Nh2 d4 23. Bc4 Kh8 24. Bxf7 Rxf7 25. Qc4 Raf8 26. Rf1 Qb8 27. f4 exf3 28. Nxf3 Ne4 29. Qc2 Rxf3 30. Rxf3 Bh2+ 31. Kf1 Qb5+ 32. Ke1 Rxf3 33. gxf3 Bg3+ 0-1

[Event "Tambov Pavlyutin Memorial 7th"]
[Site "Tambov"]
[Date "2017.06.28"]
[Round "2"]
[White "Shvadchenko, Grigory F"]
[Black "Pishchalnikov, Roman A"]
[Result "1-0"]
[WhiteElo "1934"]
[BlackElo "1819"]
[PlyCount "85"]
[EventDate "2017.06.28"]
[EventType "tourn"]
[EventRounds "9"]
[EventCountry "RUS"]
[SourceTitle "CBM 179 Extra"]
[Source "ChessBase"]
[SourceDate "2017.08.23"]
[SourceVersion "1"]
[SourceVersionDate "2017.08.23"]
[SourceQuality "1"]

1. Nf3 d5 2. e4 dxe4 3. Ng5 Nf6 4. Nc3 Bf5 5. Bc4 e6 6. d3 exd3 7. Qf3 dxc2 8. Nxf7 Bg4 9. Nxd8 Bxf3 10. Nxe6 Bc6 11. Nxc7+ Kd8 12. Nxa8 b6 13. Nxb6 axb6 14. 0-0 Bd6 15. Bg5 Kc7 16. Bxf6 gxf6 17. Rac1 Bc5 18. Bd5 Rd8 19. Bxc6 Nxc6 20. Nb5+ Kb7 21. Rxc2 Nb4 22. Re2 Nxa2 23. g3 Nb4 24. Kg2 Rd3 25. Nc3 Rd8 26. Rd1 Nd3 27. Red2 Ne1+ 28. Kf1 Rxd2 29. Rxd2 Nf3 30. Rd7+ Kc6 31. Rxh7 Nd2+ 32. Ke2 Nc4 33. Nd1 Kd6 34. h4 Ke6 35. h5 Nd6 36. g4 Nf7 37. f4 Bd6 38. Kf3 b5 39. Nc3 b4 40. Ne4 Bf8 41. g5 f5 42. Ng3 b3 43. Nxf5 1-0

[Event "Tambov Region-ch"]
[Site "Tambov"]
[Date "2015.10.31"]
[Round "7"]
[White "Shvadchenko, Grigory F"]
[Black "Geranichev, Mikhail"]
[Result "0-1"]
[WhiteElo "1945"]
[BlackElo "2005"]
[PlyCount "68"]
[EventDate "2015.10.28"]
[EventType "tourn"]
[EventRounds "9"]
[EventCountry "RUS"]
[SourceTitle "CBM 169 Extra"]
[Source "ChessBase"]
[SourceDate "2015.12.18"]
[SourceVersion "1"]
[SourceVersionDate "2015.12.18"]
[SourceQuality "1"]

1. d4 Nf6 2. g3 g6 3. Bg2 d5 4. Nf3 Bg7 5. 0-0 0-0 6. b3 Ne4 7. Bb2 c5 8. e3 Nc6 9. c3 e5 10. Nxe5 Nxe5 11. dxe5 Bxe5 12. Qc2 Bf5 13. Qe2 Qf6 14. Rc1 Rfe8 15. f3 Nxg3 16. hxg3 Bxg3 17. Nd2 c4 18. bxc4 dxc4 19. Nxc4 Qh4 20. Bf1 Bd3 21. Qg2 Bxc4 22. Bxc4 Rxe3 23. Bd5 Re5 24. c4 Rh5 25. Rc2 Bf4 26. Kf1 Rg5 27. Bf6 Rxg2 28. Bxh4 Rxc2 29. Bxb7 Rb8 30. Bd5 Rbb2 31. Bf6 Rf2+ 32. Kg1 Rg2+ 33. Kf1 Rbf2+ 34. Ke1 Bg3 0-1

[Event "Tambov Region-ch"]
[Site "Tambov"]
[Date "2015.10.30"]
[Round "6"]
[White "Ryzhkov, Evgeny"]
[Black "Shvadchenko, Grigory F"]
[Result "0-1"]
[WhiteElo "1914"]
[BlackElo "1945"]
[PlyCount "106"]
[EventDate "2015.10.28"]
[EventType "tourn"]
[EventRounds "9"]
[EventCountry "RUS"]
[SourceTitle "CBM 169 Extra"]
[Source "ChessBase"]
[SourceDate "2015.12.18"]
[SourceVersion "1"]
[SourceVersionDate "2015.12.18"]
[SourceQuality "1"]

1. d4 Nf6 2. c4 c5 3. d5 e6 4. Nc3 exd5 5. cxd5 d6 6. e4 g6 7. Bd3 Bg7 8. h3 0-0 9. Nf3 Re8 10. 0-0 a6 11. a4 Qc7 12. Bf4 Nbd7 13. Re1 Nh5 14. Bh2 Ne5 15. Be2 Nd7 16. Nd2 Nhf6 17. Nc4 Bf8 18. Bf3 Nb6 19. Nd2 Nbd7 20. a5 b5 21. axb6 Nxb6 22. e5 Nfd7 23. exd6 Rxe1+ 24. Qxe1 Bxd6 25. Bxd6 Qxd6 26. Qe3 Bb7 27. Nde4 Qe5 28. Qd2 Nxd5 29. Nxd5 Bxd5 30. Rd1 Bxe4 31. Bxe4 Qxe4 32. Qxd7 a5 33. Rc1 Qd4 34. Qc6 Rb8 35. Qxc5 Qxb2 36. Rc3 a4 37. Rf3 Rb7 38. Re3 Rb8 39. Rf3 Ra8 40. Qe7 Qb1+ 41. Kh2 Qb8+ 42. g3 Qf8 43. Qb7 Rd8 44. Qb2 Rb8 45. Qa2 Qe8 46. Rf4 Ra8 47. Qd5 Ra7 48. Qd4 Qe7 49. Re4 Qd7 50. Qe3 a3 51. h4 a2 52. Re8+ Kg7 53. h5 Qxe8 0-1

[Event "Tambov Region-ch"]
[Site "Tambov"]
[Date "2015.10.29"]
[Round "3"]
[White "Astafurov, Arseniy"]
[Black "Shvadchenko, Grigory F"]
[Result "1-0"]
[WhiteElo "1750"]
[BlackElo "1945"]
[PlyCount "91"]
[EventDate "2015.10.28"]
[EventType "tourn"]
[EventRounds "9"]
[EventCountry "RUS"]
[SourceTitle "CBM 169 Extra"]
[Source "ChessBase"]
[SourceDate "2015.12.18"]
[SourceVersion "1"]
[SourceVersionDate "2015.12.18"]
[SourceQuality "1"]

1. e4 c5 2. Nf3 Nc6 3. Nc3 d6 4. d4 cxd4 5. Nxd4 e5 6. Nb3 Be7 7. Be3 Nf6 8. Bc4 0-0 9. f3 Be6 10. Bd5 Qd7 11. Qd2 Nb4 12. Bxe6 fxe6 13. a3 Nc6 14. 0-0-0 Rad8 15. g4 Ne8 16. Qg2 Nc7 17. Rhf1 b5 18. f4 exf4 19. Rxf4 b4 20. Rxf8+ Rxf8 21. axb4 Nxb4 22. g5 Nb5 23. g6 Nxc3 24. gxh7+ Kh8 25. bxc3 Na2+ 26. Kb2 Bf6 27. Bd4 e5 28. Be3 a5 29. Kxa2 a4 30. Nd2 Qc7 31. c4 Qa5 32. Nb1 a3 33. Qd2 Qa4 34. Qc3 Rb8 35. Nxa3 Bd8 36. Rb1 Ra8 37. Qb3 Qa6 38. Bc1 Bc7 39. Qb5 Qa7 40. Qb7 Qa5 41. Rb5 Qa7 42. Qxa7 Rxa7 43. Kb3 Kxh7 44. Rd5 Ra6 45. Nb5 Bb8 46. Ba3 1-0